MDQL
is popping MORE tags! Check the
thread
!
Quizzes
Events
Quiz Creation
Community
Videos
Private Events
Remove Ads
Sign In
Join for FREE
Feedback
Dark Mode
Quiz Categories
Sports
Geography
Music
Movies
Television
Just For Fun
Miscellaneous
History
Literature
Language
Science
Gaming
Entertainment
Religion
Holiday
For Kids
Quiz Lab
Recent
Popular Today
Quiz Kudos Today
Editor Picks
Curator Picks
Quizzes by...
Day
Popularity
Type
Ratings
Length
Year
Community
Subscriptions
Recent Discussions
Orange Saloon
Badges
Playlists
Quests
Create
Leaderboards
Showdown
Live 5
Trivia Bingo
Activity
Puzzle Library
Sporcle Events
Private Events
Virtual Trivia
Globe League
Become a Host
Pub Owners
SporcleCon
Opinionation
Our Games
Videos
Blog
Mobile Apps
Partnerships
Remove Ads and Go Orange
Feedback
Music
Pop Music
The Beatles
Song
Album
Lyrics
Bands
Singers
Artist
Clip
Rock
Rap
Classical
Billboard
Country Music
Kpop
Taylor Swift
Music
Pop Music
The Beatles
Song
Album
Lyrics
Bands
Singers
Artist
Clip
Rock
Rap
Classical
Billboard
Country Music
Kpop
Taylor Swift
Random Quiz
Search Sporcle
×
Quiz Lab
Quiz Lab
Music
Disney
Type in answers that appear in a list
Type in answers that appear in a list
Classic
Best Score? Go Orange.
Figure Out the Disney Lyrics VII Stats
Can you name the Figure Out the Disney Lyrics VII?
By
TricycleforTwo
10m
227 Questions
286 Plays
286 Plays
286 Plays
Comments
Comments
Give Quiz Kudos
Give Quiz Kudos
-
- Ratings
hide this ad
Replay
Link that replays current quiz
Next Quiz
Link to next quiz in quiz playlist
You Got
0%
They Got
Avg Score
68%
Avg Friend Score
Upgrade to see
Score Distribution
Jump to the score distribution portion of the page
Score
0/227
Timer
10:00
0
Plays Today
% Correct
and
99.6%
And
99.6%
and
99.6%
the
99.6%
the
99.6%
a
99.6%
the
99.6%
a
99.6%
I
98.2%
I
98.2%
I
98.2%
I
98.2%
I
98.2%
I
98.2%
I
98.2%
I
98.2%
I
98.2%
I
98.2%
I
98.2%
I
98.2%
I
98.2%
I
98.2%
I
98.2%
you
97.5%
you
97.5%
you
97.5%
you
97.5%
you
97.5%
you
97.5%
to
90.5%
to
90.5%
to
90.5%
to
90.5%
me
87.7%
me
87.7%
me
87.7%
me
87.7%
me
87.7%
me
87.7%
me
87.7%
me
87.7%
me
87.7%
me
87.7%
me
87.7%
me
87.7%
me
87.7%
me
87.7%
me
87.7%
me
87.7%
me
87.7%
me
87.7%
me
87.7%
me
87.7%
me
87.7%
me
87.7%
do
86.3%
do
86.3%
can
86.3%
can
86.3%
do
86.3%
can
86.3%
Can
86.3%
can
86.3%
it
85.9%
It
85.9%
be
85.6%
your
83.1%
see
80.6%
see
80.6%
see
80.6%
see
80.6%
see
80.6%
Where
80.3%
so
78.2%
so
78.2%
so
78.2%
% Correct
how
77.8%
there
77.8%
that
77.8%
Why
77.5%
my
76.8%
my
76.8%
too
76.1%
I'll
75.4%
like
75%
like
75%
like
75%
like
75%
like
75%
like
75%
like
75%
know
74.3%
know
74.3%
know
74.3%
know
74.3%
know
74.3%
know
74.3%
know
74.3%
know
74.3%
know
74.3%
Of
72.5%
It's
71.8%
this
71.8%
this
71.8%
her
70.4%
as
69.4%
she
67.6%
all
66.9%
all
66.9%
Show
65.8%
show
65.8%
show
65.8%
have
65.8%
show
65.8%
show
65.8%
now
65.8%
now
65.8%
show
65.8%
show
65.8%
feel
64.8%
some
64.8%
feel
64.8%
feel
64.8%
Every
63.4%
every
63.4%
with
63%
with
63%
Just
62%
there's
61.6%
there's
61.6%
there's
61.6%
There's
61.6%
tell
61.3%
Tell
61.3%
Tell
61.3%
tell
61.3%
more
58.1%
more
58.1%
more
58.1%
Whatever
57.7%
something
57.4%
something
57.4%
wanna
56%
wanna
56%
these
56%
these
56%
these
56%
knew
56%
wanna
56%
wanna
56%
these
56%
these
56%
% Correct
wanna
56%
wanna
56%
these
56%
these
56%
wanna
56%
everything
55.3%
never
55.3%
never
55.3%
out
54.9%
much
54.6%
strangers
54.2%
strangers
54.2%
strangers
54.2%
strangers
54.2%
strangers
54.2%
strangers
54.2%
about
53.9%
about
53.9%
about
53.9%
about
53.9%
about
53.9%
about
53.9%
world
53.5%
world
53.5%
world
53.5%
Come
50.7%
new
50%
things
50%
need
48.9%
need
48.9%
nothing
48.6%
makes
48.6%
Makes
48.6%
yet
47.9%
yet
47.9%
before
47.5%
before
47.5%
please
47.2%
please
47.2%
please
47.2%
far
46.8%
far
46.8%
take
46.5%
close
46.1%
means
45.4%
people
43%
Something's
43%
Something's
43%
Right
43%
hand
43%
Something's
43%
beside
42.6%
to learn
42.3%
familiar
42.3%
familiar
42.3%
familiar
42.3%
move
41.9%
place
40.8%
dreams
40.5%
myself
39.8%
other
39.8%
beyond
39.8%
Beyond
39.8%
beyond
39.8%
Oh
38.4%
Oh
38.4%
growing
38%
trees
37.7%
bigger
37%
beauty
37%
horizon
36.6%
above
35.6%
gesture
34.5%
emotions
32.7%
clouds
32.7%
Quiz Playlist
Details
Report
Send in Message
Add To Playlist
Classic:
Type in answers that appear in a list
Last Updated: May 17, 2017
Quiz Scoreboard
CHALLENGE
Sign Up to Join the Scoreboard
Show All
Scores
Hide
Comments
May contain spoilers
Recently Published
Two Season TV Shows II
by 123Four
Television
10m
Image Sorting: Flags VI
by Barbecue
Geography
2m
Find the 'City' Movie
by crazypaving
Movies
60s
More to Explore
Quiz From the Vault
Featured Blog Post
14 Easter Pick-up Lines to Find Eggs With
hide this ad
You Might Also Like...
Tags
Disney Quiz
VII
Today's Top Quizzes in Music
Browse Music
hide this ad
Today's Top Quizzes in Disney
Browse Disney
Top Contributed Quizzes in Music
1
5X2 Blitz: Bands II
2
5X2 Blitz: The Beatles
3
Taylor Swift All Songs (2024)
4
5X2 Blitz: Billboard
5
5X2 Blitz: Billboard II
6
5X2 Blitz: Album
7
5X2 Blitz: Singers
8
5X2 Blitz: Rock
9
Music Artist by Three 2010s hits
10
5X2 Blitz: Lyrics
Explore More
Trending Topics
Harry Potter
Anime
Kpop
Marvel
Crossword
NBA
Disney
WWE
Pokémon
Soccer
Country
The Office
Puzzle
NFL
Song
hide this ad
More By:
TricycleforTwo
Quiz
Plays
Rating
Category
Featured
Created
Figure Out the Disney Lyrics VII
286
3.50
Music
Dec 21, 2012
Go to Creator's Profile
Score Distribution
Quiz Creator Spotlight
TricycleforTwo
Follow
Send a Message
Quizzes Created
-
Created Quiz Play Count
-
More By This Creator
Popular Quizzes Today
1
Find the US States - No Outlines Minefield
2
Colored Red Africa Blitz
3
Find the 'City' Movie
4
5x2 Blitz: Bands
5
The Countries of the World
6
Find the Countries of Europe - No Outlines Minefield
7
Find the US States
8
US States
More Music Quizzes
Señorita (Lyrics) - Shawn Mendes ft. Camila Cabello
Quiz Lab
Trending Quizzes
Colored Red Europe Blitz I
Colored Red Africa Blitz II
Colored Red Europe Blitz II
Colored Red Africa Blitz III
Even More Two Season TV Shows
Recently Updated
March Madness Men's Triple Doubles
pecheneg
How Do You Spell That?
pecheneg
Godzilla Movies
pecheneg
Grab Bag: 4-10 Letters
pecheneg
2024 March Madness Bracket
pecheneg
Famous TV Couples
Peacemaker
Champions League XIs: Real Madrid
pecheneg
Largest US Cities 1790-2010
pecheneg
Rides in Walt Disney World
pecheneg
Most Oscar Losses (Acting)
pecheneg
Trending Topics
Anime
Crossword
Harry Potter
Marvel
NBA
Disney
Kpop
Puzzle
Soccer
Song
WWE
NFL
Country
The Office
Pokémon
Your Account Isn't Verified!
In order to create a playlist on Sporcle, you need to verify the email address you used during registration. Go to your
Sporcle Settings
to finish the process.
Report this User
Report this user for behavior that violates our
Community Guidelines
.
Details:
Send Report
Go to the Sporcle.com Mobile Site →
Comments